000 00855nas a2200265 4500
001 BR8207086
003 BR-BrBNA
005 20231205085343.0
007 ta
008 230509b bl.|||p| |||| 00| 00por d
040 _aBR-BrBNA
_bpor
_cBiblioteca Nacional de Agricultura
041 _a(Pt)
072 _aQ54; L02
100 1 _aSilva, J.D.F. da
100 1 _aLeal, T.C.
245 1 _aEfeito da suplementacao com torta de soja sobre a idade a primeira cria de novilhas leiteiras em campo nativo
650 _aNOVILHO LEITEIRO
650 _aSUPLEMENTO ALIMENTAR
650 _aRACAO
650 _aTORTA
650 _aSOJA
773 0 _tAnuario Tecnico do Instituto de Pesquisas Zootecnicas Francisco Osorio (Brazil)
_xISSN 0100-2546
_g(Dec 1982), v. 9 p. 443-445
_wBR8207086
909 _a202311
_bLúcia
_c55
_dLúcia Elande
942 _2AGRIS
_n0
_cANA
999 _c110933
_d110933